| 000 | 00948nam a2200277 a 4500 | ||
|---|---|---|---|
| 005 | 20240925070044.0 | ||
| 008 | 991125m19942000mx 000 0 spa u | ||
| 020 | _a9682315093 | ||
| 035 | _aUPN01000056974 | ||
| 040 |
_aUPN _bspa _cUPN |
||
| 049 | _aCG | ||
| 050 | 4 |
_aBD431 _bB4.78 1994 |
|
| 100 | 1 |
_aBerman, Marshall, _d1940-2013 _944174 |
|
| 245 | 1 | 0 |
_aTodo lo sólido se desvanece en el aire : _bla experiencia de la modernidad / _cpor Marshall Berman ; tr. Andrea Morales Vidal. |
| 250 | _a7a ed. | ||
| 260 |
_aMéxico : _bSiglo XXI, _c1994 (2000 impr.). |
||
| 300 | _axii, 386 p. | ||
| 534 |
_pTítulo original: _tAll that is solid melts into air : the experience of modernity |
||
| 590 | _a(También localizas un ejemplar en el "Area de Reserva") | ||
| 590 | _aBibliografía Básica (BGTQ) | ||
| 650 | 4 |
_aValores _9308 |
|
| 650 | 4 |
_aVida _914935 |
|
| 700 | 1 |
_aMorales Vidal, Andrea _944065 |
|
| 905 | _aLibro | ||
| 942 |
_2lcc _cLIBRO |
||
| 999 |
_c56974 _d56974 |
||